Management Advisory Services comprehensive CPA Reviewer ( Based on the CPA Licensure Examination Syllabus for management advisory services effective May 2016)/ (Record no. 2112)

MARC details
000 -LEADER
fixed length control field 00791nam a22002057a 4500
003 - CONTROL NUMBER IDENTIFIER
control field OSt
005 - DATE AND TIME OF LATEST TRANSACTION
control field 20240708071206.0
008 - FIXED-LENGTH DATA ELEMENTS--GENERAL INFORMATION
fixed length control field 240708b |||||||| |||| 00| 0 eng d
020 ## - INTERNATIONAL STANDARD BOOK NUMBER
International Standard Book Number 978-621-916-022-8
040 ## - CATALOGING SOURCE
Original cataloging agency DWC- Main Lib
Transcribing agency OC
082 ## - DEWEY DECIMAL CLASSIFICATION NUMBER
Classification number Fil. 658 C117m 2017
100 ## - MAIN ENTRY--PERSONAL NAME
Personal name Cabrera, Ma. Elenita B.
245 ## - TITLE STATEMENT
Title Management Advisory Services comprehensive CPA Reviewer ( Based on the CPA Licensure Examination Syllabus for management advisory services effective May 2016)/
Statement of responsibility, etc. Ma. Elenita B. Cabrera.
250 ## - EDITION STATEMENT
Edition statement 2017 edition
260 ## - PUBLICATION, DISTRIBUTION, ETC.
Place of publication, distribution, etc. Manila, Philippines :
Name of publisher, distributor, etc. GIC Enterprises & Co., Inc.,
Date of publication, distribution, etc. c2017.
300 ## - PHYSICAL DESCRIPTION
Extent ix, various pages:
Other physical details illustrations;
Dimensions 23cm.
504 ## - BIBLIOGRAPHY, ETC. NOTE
Bibliography, etc. note Includes appendices.
650 ## - SUBJECT ADDED ENTRY--TOPICAL TERM
Topical term or geographic name entry element 1. Management- Examination, questions, etc.
942 ## - ADDED ENTRY ELEMENTS (KOHA)
Source of classification or shelving scheme Dewey Decimal Classification
Koha item type Book-Filipiniana
Suppress in OPAC Yes
952 ## - LOCATION AND ITEM INFORMATION (KOHA)
--
952 ## - LOCATION AND ITEM INFORMATION (KOHA)
--
952 ## - LOCATION AND ITEM INFORMATION (KOHA)
--
Holdings
Withdrawn status Lost status Source of classification or shelving scheme Damaged status Not for loan Home library Current library Date acquired Source of acquisition Cost, normal purchase price Total Checkouts Full call number Barcode Date last seen Copy number Price effective from Koha item type Uniform Resource Identifier
    Dewey Decimal Classification     College Library College Library 09/30/2019 School Fund 700.00   Fil. 658 C117m 2017 52179 07/08/2024 c1 07/08/2024 BK - FIL
    Dewey Decimal Classification     College Library College Library 09/30/2019 School Fund 700.00   Fil. 658 C117m 2017 52180 07/08/2024 c2 07/08/2024 BK - FIL
    Dewey Decimal Classification     College Library College Library 09/30/2019 School Fund 700.00   Fil. 658 C117m 2017 52181 07/08/2024 c3 07/08/2024 BK - FIL